000 01006nam a22002537a 4500
003 OSt
005 20260601171016.0
008 260508b2008\\\\it\a||||\||||\00|\0\eng\d
040 _aICI
_bspa
_cICI
050 _aNA997
_b.D38 2008
110 2 _aDavid Chipperfield Architects,
_eautor corporativo.
_934057
245 1 _aYearbook 2008 /
_cDavid Chipperfield Architects.
300 _a157 Páginas :
_bilustraciones (algunas en color), planos ;
500 _aAnuario de proyectos y actividades del estudio David Chipperfield Architects correspondientes al año 2008.
504 _aIncluye referencias bibliográficas e índice.
650 _aArquitectura contemporánea
_ySiglo XXI.
_934058
650 _aArquitectos británicos.
_934059
650 _aDiseño arquitectónico.
650 _aEstudios de arquitectura
_zReino Unido.
_934061
650 _aArquitectura moderna.
_914272
650 _aProyectos arquitectónicos.
_934062
710 2 _aDavid Chipperfield Architects.
_934057
942 _2lcc
_cB
_n1
999 _c20719
_d20719